000 00472nam a2200181 a 4500
001 687
003 CO-ViMGA
008 141112s2004 ck r 000 u spa d
040 _aCO-ViMGA
_bspa
_cCO-ViMGA
082 0 4 _a544 D881
100 1 _aDuval, Clement
_948533
245 1 0 _aAnálisis química cualitativo
260 _aBarcelona :
_bOikos - tau,
_c1972
300 _a124 p
490 _aQue se, 80
650 1 4 _aQUIMICA - ANALISIS CUALITATIVO
_948534
942 _2ddc
_cBK
999 _c12925
_d12925